Kam smeruje znalecká činnosť?
Historický pohľad na vývoj znaleckej činnosti. Medzníky znaleckej činnosti. Základné metódy stanovenia hodnoty podniku ako celku. Prijatie vyhlášky MS SR č. 492/2004 Z.z. o stanovení všeobecnej hodnoty majetku, ktorá je platná do dnešného dňa. Čas na zmenu.
Gespeichert in:
| 1. Verfasser: | |
|---|---|
| Format: | Buchkapitel |
| Sprache: | Slowakisch |
| Schlagworte: | |
| Tags: |
Keine Tags, Fügen Sie das erste Tag hinzu!
|
MARC
| LEADER | 00000nla a2200000 4500 | ||
|---|---|---|---|
| 001 | 0222595 | ||
| 005 | 20240502073638.0 | ||
| 041 | 0 | |a slo | |
| 044 | |a SK | ||
| 245 | 1 | 0 | |a Kam smeruje znalecká činnosť? |c Miroslav Jakubec |
| 520 | |a Historický pohľad na vývoj znaleckej činnosti. Medzníky znaleckej činnosti. Základné metódy stanovenia hodnoty podniku ako celku. Prijatie vyhlášky MS SR č. 492/2004 Z.z. o stanovení všeobecnej hodnoty majetku, ktorá je platná do dnešného dňa. Čas na zmenu. | ||
| 610 | 2 | 0 | |a znalectvo |
| 610 | 2 | 0 | |a znalci |
| 610 | 2 | 0 | |a oceňovanie |
| 610 | 2 | 0 | |a ohodnocovanie podniku |
| 610 | 2 | 0 | |a legislatíva |
| 610 | 2 | 0 | |a zákony |
| 610 | 2 | 0 | |a história |
| 610 | 2 | 0 | |a Slovensko |
| 100 | 1 | |a Jakubec, Miroslav | |